000 02434cam a22005294i 4500
003 PE-LiUPU
005 20251226093525.0
008 160803s2015 ag r 001 0 spa d
020 _a9789877012279
020 _a9877013258
_q(obra completa, serie)
020 _a9877012278
020 _a9789877013252
_q(obra completa, serie)
035 _a(Sirsi) a162743
040 _aPE-LiUPU
_bspa
_cPE-LiUPU
_erda
041 1 _aspa
_heng
049 _aPRUA
050 _aW
_a11
_a.C4
_aS6
_a2014
082 0 4 _a286.7325
_bCN 2015
100 1 _aWhite, Elena G. de,
_eautor.
245 1 0 _aConducción del niño :
_bcómo enseñar a su hijo el camino que debe transitar /
_ccompilación de los escritos de Elena G. de White.
250 _aPrimera edición.
264 1 _aBuenos aires :
_bAsociación Casa Editora Sudamericana,
_c2015.
300 _a543 páginas ;
_c22 centímetros
336 _atext
_2rdacontent
337 _aunmediated
_2rdamedia
338 _avolume
_2rdacarrier
504 _aÍndice : páginas 541-543.
505 0 _aEl hogar, la primera escuela -- Los métodos y los textos -- Maestros debidamente preparados -- Obediencia es la lección más importante -- Otras lecciones básicas -- Lecciones de virtudes prácticas -- El desarrollo de las cualidades cristianas -- La tarea suprema: el desarrollo del carácter -- Elementos fundamentales en la edificación del carácter -- La disciplina y su administración -- Disciplina defectuosa -- El desarrollo de las facultades mentales -- Importancia fundamental del desarrollo físico -- El mantenimiento de la idoneidad física -- El atavío adecuado -- Preservación de la integridad moral -- El despertar de las facultades espirituales -- El mantenimiento de la experiencia religiosa -- El día del cómputo final.
526 _aSEG42
526 _aSEG41
526 _aSEG40
526 _aSEG39
526 _aP94
526 _aP87
526 _aP86
526 _aP85
526 _aP77
526 _aP76
526 _aP35
534 _pTítulo original :
_tChild Guidance, Review and Herald Publishing Association, Hagerstown, MD, E.U.A.
650 0 _aEducación cristiana de niños
_97780
650 0 0 _aChristian education of children
_97781
910 _ajck
942 _2ddc
_cBOOK
980 _818228
_gRebeca Esther Huerta Leyton
999 _c11705
_d11705